000
00313nam a22001457a 4500
003
SGT
020
_a
978-81-89798-85-7
082
_a
618.1
_b
K16K
100
_a
K.S DINESH
245
_a
KAUMARABHRTYA6
260
_a
NEW DELHI
_b
CHAUKHAMBHA PUB
_c
2016
300
_a
472
650
_a
AYURVEDA
942
_2
ddc
_c
BK
_0
40
999
_c
15386
_d
15386